<?xml version="1.0" encoding="UTF-8"?>
<record
    xmlns:xsi="http://www.w3.org/2001/XMLSchema-instance"
    xsi:schemaLocation="http://www.loc.gov/MARC21/slim http://www.loc.gov/standards/marcxml/schema/MARC21slim.xsd"
    xmlns="http://www.loc.gov/MARC21/slim">

  <leader>00497nam a22001697a 4500</leader>
  <datafield tag="999" ind1=" " ind2=" ">
    <subfield code="c">17258</subfield>
    <subfield code="d">17258</subfield>
  </datafield>
  <controlfield tag="008">181013b        xxu||||| |||| 00| 0 eng d</controlfield>
  <datafield tag="020" ind1=" " ind2=" ">
    <subfield code="a">0123706171</subfield>
  </datafield>
  <datafield tag="040" ind1=" " ind2=" ">
    <subfield code="a">KABU</subfield>
    <subfield code="c">KABU</subfield>
  </datafield>
  <datafield tag="050" ind1=" " ind2=" ">
    <subfield code="a">QD453.2</subfield>
    <subfield code="b">.M67 2008 c. 1</subfield>
  </datafield>
  <datafield tag="100" ind1=" " ind2=" ">
    <subfield code="a">Mortimer, Robert G.</subfield>
  </datafield>
  <datafield tag="245" ind1=" " ind2=" ">
    <subfield code="a">Physical chemistry</subfield>
    <subfield code="c">Robert G. Mortimer</subfield>
  </datafield>
  <datafield tag="250" ind1=" " ind2=" ">
    <subfield code="a">3rd ed.</subfield>
  </datafield>
  <datafield tag="260" ind1=" " ind2=" ">
    <subfield code="a">USA</subfield>
    <subfield code="b">Elsevier Academic Press</subfield>
    <subfield code="c">2008</subfield>
  </datafield>
  <datafield tag="300" ind1=" " ind2=" ">
    <subfield code="a">xvii, 1395 p.</subfield>
  </datafield>
  <datafield tag="650" ind1=" " ind2=" ">
    <subfield code="a">Chemistry, Physical and theoretical</subfield>
  </datafield>
  <datafield tag="942" ind1=" " ind2=" ">
    <subfield code="2">lcc</subfield>
    <subfield code="c">BK</subfield>
    <subfield code="e">3rd</subfield>
    <subfield code="h">QD453.2</subfield>
  </datafield>
  <datafield tag="952" ind1=" " ind2=" ">
    <subfield code="0">0</subfield>
    <subfield code="1">0</subfield>
    <subfield code="2">lcc</subfield>
    <subfield code="7">0</subfield>
    <subfield code="a">KABU</subfield>
    <subfield code="b">KABU</subfield>
    <subfield code="c">GEN</subfield>
    <subfield code="d">2018-10-13</subfield>
    <subfield code="g">2405.17</subfield>
    <subfield code="l">1</subfield>
    <subfield code="o">QD453.2 .M67 2008 c. 1</subfield>
    <subfield code="p">022762</subfield>
    <subfield code="r">2019-05-11 00:00:00</subfield>
    <subfield code="s">2019-02-21</subfield>
    <subfield code="t">c. 1</subfield>
    <subfield code="w">2018-10-13</subfield>
    <subfield code="y">BK</subfield>
  </datafield>
  <datafield tag="952" ind1=" " ind2=" ">
    <subfield code="0">0</subfield>
    <subfield code="1">0</subfield>
    <subfield code="2">lcc</subfield>
    <subfield code="7">0</subfield>
    <subfield code="a">KABU</subfield>
    <subfield code="b">KABU</subfield>
    <subfield code="c">GEN</subfield>
    <subfield code="d">2018-10-13</subfield>
    <subfield code="g">2405.17</subfield>
    <subfield code="l">1</subfield>
    <subfield code="o">QD453.2 .M67 2008 c. 2</subfield>
    <subfield code="p">022763</subfield>
    <subfield code="r">2018-12-08 00:00:00</subfield>
    <subfield code="s">2018-12-01</subfield>
    <subfield code="t">c. 2</subfield>
    <subfield code="w">2018-10-13</subfield>
    <subfield code="y">BK</subfield>
  </datafield>
</record>
